| 000 | 00634nam a22001933a 4500 | ||
|---|---|---|---|
| 005 | 20240806064103.0 | ||
| 008 | 010531s1999 mx fr 000 0 spa d | ||
| 020 | _a9706511903 (Océano tapa dura) 970181780X (CNCA tapa dura) | ||
| 035 | _aUPN01000116455 | ||
| 049 | _aCG | ||
| 050 | 4 |
_aPA25 B5.2 _bG6.3 |
|
| 100 | 1 |
_aGoethe, Johann Wolfgang, _d1749-1832 |
|
| 245 | 1 | 0 |
_aFausto / _cGoethe; estudio prel. de Francisco Ayala. |
| 260 |
_aMéxico : _bCNCA, Dirección General de Publicaciones : _bOcéano, _cc1999 |
||
| 300 | _axxiv, 401 p. : | ||
| 440 | 0 | _aBiblioteca universal | |
| 650 | 4 |
_aLiteratura alemana _910466 |
|
| 905 | _aLibro | ||
| 999 |
_c89192 _d89192 |
||